00582nam a2200205 a 4500001001300000003000900013005001700022008004100039020001100080082001500091100001700106245008100123250001400204260006000218300000900278500003500287505002600322650001100348700001700359nice12345678IN_TiNIC20260116014958.0070416s2200 chaa grg 000 0 0en  ac150000a297.4bKUG aKugle, Scott aSufis and Saints`bodiesb Mysticism, Corporeality, and Sacred Power in Islam a70th ed.  aChapel Hill bUniversity of North Carolina Press c2200 a345p aincludes index and biblioraphy2 anotes,, biblio, index aSufism1 aKugle, Scott